000 00221nam a22001097a 4500
003 OSt
008 250104b |||||||| |||| 00| 0 eng d
041 _aeng
100 _aKannan K
_91705
245 _aGrosmichel
942 _cBK
999 _c18920
_d18920